| 000 | 00599nam a2200217 i 4500 | ||
|---|---|---|---|
| 001 | 66099 | ||
| 003 | ES-MaACL | ||
| 005 | 20231021062530.0 | ||
| 007 | t| | ||
| 008 | 040127s1986 sp |||| | spa d | ||
| 020 | _a84-7223-237-9 | ||
| 100 | 1 |
_aGabriel y Galán, José Antonio. _953157 |
|
| 245 | 1 | 3 |
_aEl bobo ilustrado / _cJ.A. Gabriel y Galán. |
| 250 | _a1ª ed. | ||
| 260 |
_aBarcelona : _bTusquets, _c1986. |
||
| 300 |
_a232 p. ; _c21 cm. |
||
| 490 | 1 |
_aAndanzas ; _v37 |
|
| 830 | 0 | 0 |
_aColección Andanzas _v37 _9234359 |
| 852 |
_aES-MaACL _jL-11453 |
||
| 999 |
_c66099 _d66099 |
||